• 首页
  • 本馆介绍
  • 公告通知
  • 最新文献
  • 馆藏检索
  • 电子资源
  • 读者导购
  • 参考咨询
  • 我的图书馆
  • 登录
  • 详细信息显示
  • 放入我的书架
  • 预约/预借图书
  • 作者相关作品
  • 分类相关作品
  • 丛书相关作品
  • 出版社相关作品

书目信息

  • 表格格式
  • 工作单格式
  • 卡片格式
题名:
美国建国史话
    
 
作者: 卡尔金斯 编 ;曹德谦 编
分册:  
出版信息: 北京   人民出版社  1984
页数: 248页
开本: 25cm
丛书名:
单 册:
中图分类: K712.4
科图分类:
主题词: 近代史-美国
电子资源:
ISBN:
000 00785nam0 2200277 45
001 0184012308
005 20040510155016.2
010    @dCNY0.95
100    @a19950703d1984 em y0chiy0121 ea
101 1  @achi@ceng
102    @aCN@b110000
105    @ay z 000yy
106    @ar
200 10 @a美国建国史话@Amei guo jian guo shi hua@f(美)C.C.卡尔金斯编@g曹德谦等译
210    @a北京@c人民出版社@d1984
215    @a248页@d25cm
300    @a书名原文:The Story of America
510 1  @aThe Story of America@zeng
606    @a近代史-美国
607    @a美国-近代史
690    @aK712.4@v3
701  1 @a卡尔金斯@Aka er jin si@bC.C.@4编
702  0 @a曹德谦@Acao de qian@4编
801  0 @aCN@b上海图书馆@c20040510
801  2 @aCN@bNLC@c20040510
905    @f2@b136814-815@dK712.4@e11
    
    美国建国史话/(美)C.C.卡尔金斯编/曹德谦等译.-北京:人民出版社,1984
    248页;25cm
    书名原文:The Story of America
    
    ISBN :CNY0.95
    
●
相关链接 在E读中查询图书 在五车中查询图书 在当当中查询图书 在豆瓣中查询图书


正题名:美国建国史话     索取号:K712.4/11         预约/预借

序号 登录号 条形码 馆藏地/架位号 状态 备注
1 0136814   001413296   第二借阅区/ [索取号:K712.4/11] 在馆    
2 0136815   001413376   第二借阅区/ [索取号:K712.4/11] 在馆    
3 0136816   001413330   第二样本阅览室/ [索取号:K712.4/11] 在馆    
唐山师范学院图书馆 欢迎您!
大连网信软件有限公司© 版权所有